00653nam a22001812 4500001001100000005001700011008004100028020002700069040001500096245011400111250001300225260003900238300001800277650003900295650006800334700003800402700003100440000000840720151217152032.0080409s xx 000 0 eng d a0534619568 :cKES 3900 aKABUcKABU10aSchools and society :ba sociological approach to education /cedited by Jeanne H. Ballantine, Joan Z. Spade. a2nd ed. aLondon :bThomson Learning,c2004. axxiv, 504 p. 0aEducational sociology.@0000153711 0aSchool management and organizationxSocial aspects.@00001589691 aBallantine, Jeanne H.@00001589701 aSpade, Joan Z.@0000158971